01007nam a22002297a 4500003000900000008004100009040007100050082002500121110007600146245005800222260009200280300002800372440005900400505015300459650002300612650002600635650002700661650002500688650002100713650002400734700001900758AR-CdUCM190321b ||||| |||| 00| 0 spa d aMUNICIPALIDAD PROVINCIAL DEL CUSCOcBIBLIOTECA MUNICIPAL DEL CUSCO a985.008 /bC7321973 aComisión nacional del Sesquicentenario de la Independencia del Perú aPeriódicos /cEdición y prologo por Alberto Tauro aLima :bComisión nacional del Sesquicentenario de la Independencia del Perú,c1973. a3 volúmenes ;c24 cm. aColección documental de la independencia del Perú. aContenido: v.1. El pacificador. El triunfo de a Nación. El Americano. Los Andes Libres. El Sol del Perú. -- v.2. El peruano. -- v.3. El peruano. aPerú colecciones aIndependencia peruana aEmancipación peruana aFuentes históricas aFuentes escritas aHistoria del Perú aTauro, Alberto